Del Weser al Vístula (Record no. 92977)

MARC details
000 -LEADER
campo de control de longitud fija 00620nam a2200181 i 4500
001 - NÚMERO DE CONTROL
campo de control 92977
003 - IDENTIFICADOR DE NÚMERO DE CONTROL
campo de control ES-MaACL
005 - FECHA Y HORA DE LA ÚLTIMA TRANSACCIÓN
campo de control 20230906181111.0
007 - CAMPO FIJO DE DESCRIPCIÓN FÍSICA--INFORMACIÓN GENERAL
campo de control de longitud fija t|
008 - DATOS DE LONGITUD FIJA--INFORMACIÓN GENERAL
campo de control de longitud fija 050406s1902 sp ||||1| spa d
100 1# - ENTRADA PRINCIPAL--NOMBRE DE PERSONA
Nombre de persona Lockroy, Edouard.
9 (RLIN) 73056
245 10 - MENCIÓN DEL TÍTULO
Título Del Weser al Vístula
Resto del título : cartas sobre la marina alemana /
Mención de responsabilidad, etc. por Edouard Lockroy ; traducido en la Escuela Naval.
260 ## - PUBLICACIÓN, DISTRIBUCIÓN, ETC.
Lugar de publicación, distribución, etc. Ferrol :
Nombre del editor, distribuidor, etc. [s.n.],
Fecha de publicación, distribución, etc. 1902 (
Fabricante Imp. de "El Correo Gallego")
300 ## - DESCRIPCIÓN FÍSICA
Extensión XIII, 275 p. ;
Dimensiones 18 cm.
650 #4 - PUNTO DE ACCESO ADICIONAL DE MATERIA--TÉRMINO DE MATERIA
Término de materia o nombre geográfico como elemento de entrada Marina de guerra-
Subdivisión geográfica Alemania.
9 (RLIN) 157360
710 2# - ENTRADA AGREGADA--NOMBRE DE ENTIDAD CORPORATIVA
Nombre de entidad corporativa o nombre de jurisdicción como elemento de entrada Escuela Naval Militar (España)
9 (RLIN) 166762
852 ## - LOCALIZACIÓN
Ubicación ES-MaACL
Número de control de estantería G-11133
Holdings
Estatus retirado Estado de pérdida Estado de daño No para préstamo Biblioteca de origen Biblioteca actual Ubicación en estantería Fecha de adquisición Fuente de adquisición Total de préstamos Signatura topográfica completa Código de barras Visto por última vez Precio de reemplazo Tipo de ítem Koha
        Biblioteca del Ateneo de Madrid Biblioteca del Ateneo de Madrid Sala Pecera Planta 3 17/01/2008     G-11133 1097060 23/02/2023 23/02/2023 Libro impreso